| 000 | 00653nam a22001937a 4500 | ||
|---|---|---|---|
| 005 | 20240215124240.0 | ||
| 010 | _aENG-139260 | ||
| 020 |
_c559.00 _a9788119847594 |
||
| 035 | _aEN-122792 | ||
| 037 | _bDBAD/PUB | ||
| 082 |
_a574 _26 |
||
| 245 | _aPearson IIT Foundation Biology/ | ||
| 250 | _a6 | ||
| 260 |
_aUttar Pradesh _bPearson India Education Pvt Ltd _c2023 |
||
| 270 |
_bUttar Pradesh _a15th FLoor, Tower-B, World Trade Tower, Plot No.1, Block- C, Sector-16, Noida _e201301 |
||
| 300 |
_avpp. _c28cm(pb) _bIndex |
||
| 500 | _aAs Per CBSE, ICSE and State Curriculam Guidelines for Class 9th | ||
| 942 |
_2ddc _cEN _h574 _mBIO _e6 |
||
| 999 |
_c200779 _d200779 |
||